Gryzuny i zajceobraznyje Kirgizii Ekologija roľ v podderžanii prirodnych očagov nekotorych zabolevanij

Bibliographic Details
Main Author: Ajzin, Boris Michajlovič (Author)
Format: Book
Language:Russian
PhysicalDescription:198, [3] s. 8°
Published: Frunze Izd. "Ilim" 1979

MARC

LEADER 00000nam a2200000 a 4500
001 vtls001260871
003 SK-MaSNL
005 20260301234502.0
008 240314s1979 CS 0 rus
035 |a SNK000211724 
040 |a SNK  |b slo  |c SNK  |e AACR2 
041 0 |a rus 
044 |a CS 
100 1 |a Ajzin, Boris Michajlovič  |4 aut  |9 630562 
245 1 0 |a Gryzuny i zajceobraznyje Kirgizii  |b Ekologija roľ v podderžanii prirodnych očagov nekotorych zabolevanij  |c Boris Michajlovič Ajzin 
260 |a Frunze  |b Izd. "Ilim"  |c 1979 
300 |a 198, [3] s.  |c 8° 
958 |a RK 
958 |a OND 
999 |c 970238  |d 972168 
952 |t P60, <04>, [BOOK], {604}  |a SNK  |b SNK  |y VYP  |7 0  |o snkIC 83713  |i snkV 521/81  |0 0  |1 0  |4 0  |d 1996-06-06  |l 0  |r 2005-01-01 00:00:00  |w 2026-02-24